Statistics for Lego Star Wars II: The Original Trilogy Characters Quiz

Click here to take the quiz!

General Stats

  • This quiz has been taken 34 times
  • The average score is 29 of 70

Answer Stats

CharacterWeapons% Correct
Darth VaderLightsaber (Red)
96%
Luke SkywalkerBlaster
96%
Han SoloBlaster Pistol
88%
Princess LeiaBlaster
88%
ChewbaccaBowcaster
76%
The EmperorLightsaber (Red)
68%
YodaLightsaber (Green)
68%
Boba FettBlaster / Jetpack
64%
C-3PONone
64%
R2-D2None
64%
StormtrooperBlaster
64%
Ben KenobiLightsaber (Blue)
60%
Lando CalrissianBlaster
56%
EwokSlingshot
52%
WicketSlingshot
52%
Admiral AckbarBlaster
48%
Bib FortunaNone
48%
BosskBlaster
48%
DengarBlaster
48%
GreedoBlaster
48%
Grand Moff TarkinBlaster Pistol
44%
Imperial OfficerBlaster Pistol
44%
Rebel FriendBlaster
44%
Rebel PilotBlaster
44%
Rebel TrooperBlaster
44%
SnowtrooperBlaster
44%
4-LOMBlaster
40%
Gamorrean GuardAxe
40%
Gonk DroidNone
40%
IG-88Blaster
40%
JawaIon Blaster
40%
Luke Skywalker (Endor)Lightsaber (Green)
40%
SandtrooperBlaster
40%
Anakin Skywalker (Ghost)Lightsaber (Blue)
36%
Ben Kenobi (Ghost)Lightsaber (Blue)
36%
Han Solo (Endor)Blaster Pistol
36%
Imperial GuardForce Pike
36%
Imperial SpyWalkie-Talkie
36%
LobotNone
36%
Princess Leia (Endor)Blaster
36%
Scout TrooperBlaster
36%
TIE Fighter PilotBlaster
36%
Tusken RaiderBlaster Rifle
36%
Yoda (Ghost)Lightsaber (Green)
36%
Beach TrooperBlaster
32%
Luke Skywalker (Dagobah)Lightsaber (Blue)
32%
Princess Leia (Hoth)Blaster
32%
Bespin GuardBlaster
28%
Death Star TrooperBlaster
28%
Han Solo (Hoth)Blaster
28%
Han Solo (Stormtrooper)Blaster
28%
Luke Skywalker (Hoth)Blaster
28%
Luke Skywalker (Stormtrooper)Blaster
28%
Princess Leia (Slave)Blaster
28%
Skiff GuardBlaster
28%
UgnaughtIon Blaster
28%
AT-AT DriverBlaster
24%
Han Solo (Skiff)Blaster
24%
Imperial Shuttle PilotBlaster
24%
Luke Skywalker (Bespin)Lightsaber (Blue)
24%
Luke Skywalker (Pilot)Blaster
24%
Palace GuardBlaster
24%
Princess Leia (Bespin)Blaster
24%
Princess Leia (Boushh)Blaster
20%
Rebel Trooper (Hoth)Blaster
20%
Han Solo (Hood)Blaster
16%
Lando Calrissian (Palace Guard)Blaster
16%
Luke Skywalker (Episode VI)Lightsaber (Green)
16%
Princess Leia (Prisoner)Blaster
16%
Captain AntilliesBlaster
4%

Score Distribution

Percentile by Number Answered

Percent of People with Each Score

Your Score History

You have not taken this quiz